000 00645nam a22002057a 4500
005 20180221145918.0
010 _aB-689602
020 _a9780349140438
_c550.00
035 _aB-689602
037 _adpl
_bBSB
082 _a921
100 _aIsaacson, Walter
245 _aSteve jobs/
_cby Walter Isaacson
260 _aLondon
_bLittle Brown
_c2011
270 _a100 Victoria Embankment
_bLondon
300 _a568p.
_c21cm(pbk)
505 _aRashtrapati Bhavan
942 _2ddc
_cEN
_mISA
_h921
999 _c150074
_d150074